Tribhuvan University Central Library

An introduction to the Nepali vowel and consonant sounds (Record no. 11857)

MARC details
000 -LEADER
fixed length control field 005970000a22002650004500
003 - CONTROL NUMBER IDENTIFIER
control field GT
041 ## - LANGUAGE CODE
Language code of text/sound track or separate title Eng
082 ## - DEWEY DECIMAL CLASSIFICATION NUMBER
Classification number 495.515
Item number P822i
-- CS
100 ## - MAIN ENTRY--PERSONAL NAME
Personal name Pradhan, Indramani
245 ## - TITLE STATEMENT
Title An introduction to the Nepali vowel and consonant sounds
260 ## - PUBLICATION, DISTRIBUTION, ETC. (IMPRINT)
Place of publication, distribution, etc Kalimpong
Name of publisher, distributor, etc Author, India
260 ## - PUBLICATION, DISTRIBUTION, ETC. (IMPRINT)
Date of publication, distribution, etc 1969
300 ## - PHYSICAL DESCRIPTION
Extent 31p.
365 ## - TRADE PRICE
Price type code Rs.8.00
518 ## - DATE/TIME AND PLACE OF AN EVENT NOTE
Date/time and place of an event note 950612
530 ## - ADDITIONAL PHYSICAL FORM AVAILABLE NOTE
Additional physical form available note M
650 ## - SUBJECT ADDED ENTRY--TOPICAL TERM
Topical term or geographic name as entry element Nepali language
650 ## - SUBJECT ADDED ENTRY--TOPICAL TERM
Topical term or geographic name as entry element Language education
650 ## - SUBJECT ADDED ENTRY--TOPICAL TERM
Topical term or geographic name as entry element Language teaching
650 ## - SUBJECT ADDED ENTRY--TOPICAL TERM
Topical term or geographic name as entry element Phonology
650 ## - SUBJECT ADDED ENTRY--TOPICAL TERM
Topical term or geographic name as entry element Spoken language
651 ## - SUBJECT ADDED ENTRY--GEOGRAPHIC NAME
Geographic name Nepal
942 ## - ADDED ENTRY ELEMENTS (KOHA)
Koha item type General Collections
Holdings
Withdrawn status Lost status Damaged status Not for loan Home library Current library Date acquired Total Checkouts Barcode Date last seen Price effective from
        Tribhuvan University Central Library Tribhuvan University Central Library 06/20/2010   91052 06/20/2010 06/20/2010